Pays en Countryball #6 - Statistiques

Statistiques générales
  • Ce quiz a été pris 23 fois
  • Le résultat moyen est 8 sur 16
Statistiques - réponses
Par images Réponse % Correct
Grèce
95%
Suisse
95%
Ukraine
95%
Luxembourg
89%
Norvège
89%
Kosovo
84%
Angola
79%
Indochine française
26%
Raj britannique
26%
Empire éthiopien
21%
Reichtangle
21%
Empire du Mali
16%
Royaume de Hongrie
16%
Viet Nam du Nord
16%
États confédérés
11%
Principauté de Moldavie
11%
Aucun quiz correspondant
Distribution des résultats
% des personnes avec chaque résultat
Percentile par nombre de réponses
Votre historique - résultats
Vous n’avez pas pris ce quiz